A TEXT BOOK OF POLYMER CHEMISTRY (Record no. 5478)

MARC details
000 -LEADER
fixed length control field 00358nam a22001457a 4500
005 - DATE AND TIME OF LATEST TRANSACTION
control field 20170620155038.0
008 - FIXED-LENGTH DATA ELEMENTS--GENERAL INFORMATION
fixed length control field 170620b xxu||||| |||| 00| 0 eng d
020 ## - INTERNATIONAL STANDARD BOOK NUMBER
ISBN 978-81-219-4112-9
041 ## - LANGUAGE CODE
Language code of text/sound track or separate title eng
100 ## - MAIN ENTRY--AUTHOR NAME
Personal name BHATNAGAR, DR M.S
245 ## - TITLE STATEMENT
Title A TEXT BOOK OF POLYMER CHEMISTRY
260 ## - PUBLICATION, DISTRIBUTION, ETC. (IMPRINT)
Place of publication NEW DELHI
Name of publisher S CHAND
Year of publication 2004
300 ## - PHYSICAL DESCRIPTION
Number of Pages 552
942 ## - ADDED ENTRY ELEMENTS (KOHA)
Koha item type Books
Holdings
Lost status Damaged status Home library Current library Shelving location Date acquired Source of acquisition Cost, normal purchase price Full call number Accession Number Koha item type
    JRU Library   SHELF-6-A 20/06/2017 PURCHESS 600.00 547.7 21820 Books